[Event "Florianopolis op 3rd"]
[Site "Florianopolis"]
[Date "2017.01.22"]
[Round "4"]
[White "Miguel, Gabriel Carvalho Mo"]
[Black "Rodriguez Vila, Andres"]
[Result "1-0"]
[WhiteElo "2164"]
[BlackElo "2468"]
[PlyCount "133"]
[EventDate "2017.01.20"]
[EventType "swiss"]
[EventRounds "10"]
[EventCountry "BRA"]
[SourceTitle "CBM 176 Extra"]
[Source "ChessBase"]
[SourceDate "2017.03.02"]
[SourceVersion "1"]
[SourceVersionDate "2017.03.02"]
[SourceQuality "1"]

1. e4 c5 2. Nf3 Nc6 3. Bb5 g6 4. Bxc6 dxc6 5. d3 Bg7 6. h3 Nf6 7. Nc3 O-O 8.
Be3 b6 9. Qd2 e5 10. Bh6 Qd6 11. O-O-O b5 12. g4 a5 13. Ne2 Ne8 14. Rdg1 Ra7
15. Bxg7 Nxg7 16. Qh6 f6 17. h4 Qe6 18. Kb1 b4 19. Qe3 Qe7 20. Nd2 a4 21. f4
exf4 22. Nxf4 Ne6 23. g5 a3 24. Nxe6 Bxe6 25. b3 Qg7 26. gxf6 Rxf6 27. e5 Re7
28. Qxc5 Rf5 29. d4 Bd5 30. Qxb4 Bxh1 31. Rxh1 Rf4 32. c3 Qf7 33. Qxa3 Rf2 34.
Rd1 Qf5+ 35. Kc1 Re6 36. Qa6 Kg7 37. a4 Kh6 38. Qc4 Re8 39. b4 c5 40. dxc5 Rxe5
41. Rf1 Re3 42. Rxf2 Qxf2 43. c6 Re1+ 44. Kc2 Qf5+ 45. Kb2 Re8 46. b5 Qe5 47.
Qe4 Qb8 48. c7 Qc8 49. Qf4+ Kg7 50. Qd4+ Kh6 51. Qf4+ Kg7 52. Qd4+ Kh6 53. Qf4+
Kg7 54. Ne4 Qh3 55. Qf6+ Kh6 56. Qf4+ Kg7 57. Qf7+ Kxf7 58. Ng5+ Ke7 59. Nxh3
Kd7 60. b6 Kc6 61. a5 Kb7 62. Kb3 h6 63. Kb4 Rf8 64. c4 Kc6 65. Nf4 g5 66. hxg5
hxg5 67. Ne6 1-0

[Event "Florianopolis op 3rd"]
[Site "Florianopolis"]
[Date "2017.01.23"]
[Round "5"]
[White "Rodriguez Vila, Andres"]
[Black "Salvador, Daniel"]
[Result "1-0"]
[WhiteElo "2468"]
[BlackElo "1878"]
[PlyCount "91"]
[EventDate "2017.01.20"]
[EventType "swiss"]
[EventRounds "10"]
[EventCountry "BRA"]
[SourceTitle "CBM 176 Extra"]
[Source "ChessBase"]
[SourceDate "2017.03.02"]
[SourceVersion "1"]
[SourceVersionDate "2017.03.02"]
[SourceQuality "1"]

1. e4 e5 2. Nf3 Nc6 3. Bc4 Nf6 4. Ng5 d5 5. exd5 Na5 6. Bb5+ c6 7. dxc6 bxc6 8.
Bd3 h6 9. Ne4 Be7 10. Nxf6+ Bxf6 11. Nc3 O-O 12. O-O Nb7 13. Be4 Qc7 14. Qf3
Bd7 15. d3 Nc5 16. Bxh6 Ne6 17. Be3 Be7 18. Bf5 g6 19. Qg3 Nf4 20. Bxd7 Qxd7
21. Bxf4 exf4 22. Qxf4 Kg7 23. Ne4 Rh8 24. Rae1 Rh4 25. Qe5+ f6 26. Nc5 fxe5
27. Nxd7 Re8 28. Rxe5 Bd6 29. g3 Bxe5 30. gxh4 Bxb2 31. Rb1 Bd4 32. Rb4 c5 33.
Rc4 Re1+ 34. Kg2 Ra1 35. a4 a5 36. c3 Bf6 37. Nxc5 Rc1 38. Ne6+ Kh6 39. Nd4 Rd1
40. h5 Rxd3 41. hxg6 Kxg6 42. Rc6 Kf7 43. Nb5 Rd2 44. Nd6+ Ke7 45. Ne4 Bxc3 46.
Nxc3 1-0

[Event "Florianopolis op 3rd"]
[Site "Florianopolis"]
[Date "2017.01.23"]
[Round "6"]
[White "Noseda, Francesco"]
[Black "Rodriguez Vila, Andres"]
[Result "0-1"]
[WhiteElo "1959"]
[BlackElo "2468"]
[PlyCount "78"]
[EventDate "2017.01.20"]
[EventType "swiss"]
[EventRounds "10"]
[EventCountry "BRA"]
[SourceTitle "CBM 176 Extra"]
[Source "ChessBase"]
[SourceDate "2017.03.02"]
[SourceVersion "1"]
[SourceVersionDate "2017.03.02"]
[SourceQuality "1"]

1. e4 c5 2. Nf3 Nc6 3. d4 cxd4 4. Nxd4 g6 5. c4 Bg7 6. Nc2 d6 7. Be2 Nf6 8. Nc3
Nd7 9. Bd2 O-O 10. O-O b6 11. Rb1 Bb7 12. Nd5 e6 13. Nc3 a6 14. f3 Qe7 15. Qc1
Rfc8 16. Bg5 Qf8 17. Qd2 Nce5 18. Ne3 f5 19. exf5 gxf5 20. Rfd1 Nf7 21. Bh4 Bh6
22. Bf2 Nde5 23. Na4 Qg7 24. Kh1 Kh8 25. Nxb6 Rg8 26. Rg1 Rab8 27. a4 Bg5 28.
a5 Qh6 29. Qd4 Rg7 30. Nc2 Bf4 31. h3 Nxf3 32. Bxf3 Bxf3 33. h4 Be4 34. Qc3 Be5
35. Qb3 Qf4 36. Qh3 Qxf2 37. Nd7 Rbg8 38. Qh2 Rxg2 39. Rxg2 Bxh2 0-1

[Event "Florianopolis op 3rd"]
[Site "Florianopolis"]
[Date "2017.01.24"]
[Round "7"]
[White "Rodriguez Vila, Andres"]
[Black "Yamamoto, Eduardo Akio"]
[Result "1-0"]
[WhiteElo "2468"]
[BlackElo "2106"]
[PlyCount "99"]
[EventDate "2017.01.20"]
[EventType "swiss"]
[EventRounds "10"]
[EventCountry "BRA"]
[SourceTitle "CBM 176 Extra"]
[Source "ChessBase"]
[SourceDate "2017.03.02"]
[SourceVersion "1"]
[SourceVersionDate "2017.03.02"]
[SourceQuality "1"]

1. e4 Nf6 2. d3 d6 3. f4 c5 4. Nf3 Nc6 5. g3 g6 6. Bg2 Bg7 7. O-O Qc7 8. Nc3 e6
9. h3 Nd4 10. g4 Nd7 11. f5 Ne5 12. Nxd4 cxd4 13. Ne2 Nc6 14. f6 Bf8 15. c3
dxc3 16. Nxc3 Qb6+ 17. Kh1 Bd7 18. Qe2 Qa6 19. Be3 e5 20. Nd5 Rc8 21. Rfc1 Be6
22. Rc3 b6 23. Rac1 Qb7 24. Qc2 Bd7 25. Nb4 Nxb4 26. Rxc8+ Qxc8 27. Qxc8+ Bxc8
28. Rxc8+ Kd7 29. Ra8 Nc6 30. h4 Bg7 31. Rxh8 Bxh8 32. g5 Nb4 33. Bf1 Nc6 34.
Be2 Kc7 35. Bd1 Nd8 36. Bb3 Kd7 37. Kg2 Kc7 38. Kf2 Kd7 39. Ke2 Kc7 40. Kd2 a6
41. Kc3 Kb7 42. Bd5+ Kc7 43. a4 Ne6 44. Bxe6 fxe6 45. Kb4 Kc6 46. d4 exd4 47.
Bxd4 d5 48. exd5+ exd5 49. a5 b5 50. f7 1-0

[Event "Florianopolis op 3rd"]
[Site "Florianopolis"]
[Date "2017.01.25"]
[Round "8"]
[White "Madeira, Wagner Martins"]
[Black "Rodriguez Vila, Andres"]
[Result "1/2-1/2"]
[WhiteElo "2157"]
[BlackElo "2468"]
[PlyCount "89"]
[EventDate "2017.01.20"]
[EventType "swiss"]
[EventRounds "10"]
[EventCountry "BRA"]
[SourceTitle "CBM 176 Extra"]
[Source "ChessBase"]
[SourceDate "2017.03.02"]
[SourceVersion "1"]
[SourceVersionDate "2017.03.02"]
[SourceQuality "1"]

1. e4 d6 2. d4 Nf6 3. Nc3 g6 4. Nf3 c6 5. Be2 Bg7 6. O-O O-O 7. h3 Qc7 8. Be3
e5 9. Re1 b5 10. a3 Bb7 11. Qd2 a5 12. b4 axb4 13. axb4 Rxa1 14. Rxa1 exd4 15.
Bxd4 Re8 16. Bd3 Nbd7 17. Re1 Ne5 18. Nxe5 dxe5 19. Be3 Rd8 20. Qc1 Bf8 21. Qb2
Nh5 22. g3 Bc8 23. Kh2 Qe7 24. Rb1 f5 25. Bc5 Qg5 26. Qa2+ Kh8 27. Qf7 Bxc5 28.
bxc5 f4 29. Ne2 Nf6 30. Ra1 Bxh3 31. Kxh3 f3 32. Kh2 fxe2 33. Bxe2 Qh6+ 34. Kg2
Nxe4 35. Qe7 Rf8 36. Qxe5+ Qg7 37. Qxg7+ Kxg7 38. Bf3 Nxc5 39. Bxc6 b4 40. Ra5
Ne6 41. Bd5 Nd4 42. Ra7+ Kf6 43. Bb3 Rc8 44. Rb7 Nxc2 45. Bxc2 1/2-1/2

[Event "Florianopolis op 3rd"]
[Site "Florianopolis"]
[Date "2017.01.25"]
[Round "9"]
[White "Rodriguez Vila, Andres"]
[Black "Cruz, William Ferreira Da"]
[Result "0-1"]
[WhiteElo "2468"]
[BlackElo "2241"]
[PlyCount "80"]
[EventDate "2017.01.20"]
[EventType "swiss"]
[EventRounds "10"]
[EventCountry "BRA"]
[SourceTitle "CBM 176 Extra"]
[Source "ChessBase"]
[SourceDate "2017.03.02"]
[SourceVersion "1"]
[SourceVersionDate "2017.03.02"]
[SourceQuality "1"]

1. e4 e6 2. d4 d5 3. e5 c5 4. c3 Nc6 5. Nf3 Bd7 6. Bd3 cxd4 7. cxd4 Qb6 8. O-O
Nxd4 9. Nbd2 Ne7 10. Nxd4 Qxd4 11. Nf3 Qa4 12. b3 Qa5 13. Bd2 Qd8 14. b4 a6 15.
a4 Nc6 16. Rb1 a5 17. bxa5 Nxa5 18. Ng5 Be7 19. h4 Nc4 20. Bxc4 dxc4 21. Qf3
O-O 22. Rxb7 Bxa4 23. Bb4 Bxb4 24. Qh5 h6 25. Rxb4 Qd3 26. Nf3 Bd1 27. Qg4 Rac8
28. Qg3 Rfd8 29. h5 Qa3 30. Rb7 c3 31. Qf4 Qf8 32. Rb1 c2 33. Rc1 Qa3 34. Ne1
Qb3 35. Nf3 Rc4 36. Nd2 Rxf4 37. Nxb3 Rb4 38. Na1 Rb1 39. Rxc2 Rxa1 40. Rc5 Ra2
0-1

[Event "Florianopolis op 3rd"]
[Site "Florianopolis"]
[Date "2017.01.26"]
[Round "10"]
[White "Rodriguez Vila, Andres"]
[Black "Lage, Pedro Ferreira"]
[Result "1-0"]
[WhiteElo "2468"]
[BlackElo "1818"]
[PlyCount "131"]
[EventDate "2017.01.20"]
[EventType "swiss"]
[EventRounds "10"]
[EventCountry "BRA"]
[SourceTitle "CBM 176 Extra"]
[Source "ChessBase"]
[SourceDate "2017.03.02"]
[SourceVersion "1"]
[SourceVersionDate "2017.03.02"]
[SourceQuality "1"]

1. e4 e6 2. d4 d5 3. e5 c5 4. c3 Nc6 5. Nf3 Qb6 6. Bd3 cxd4 7. cxd4 Bd7 8. O-O
Nxd4 9. Nxd4 Qxd4 10. Nc3 a6 11. Kh1 Qh4 12. f4 Nh6 13. Qe2 Bc5 14. Nd1 Bc6 15.
Rf3 Ng4 16. Rh3 Nf2+ 17. Nxf2 Qxf2 18. Qd1 d4 19. Rg3 O-O-O 20. Bd2 h5 21. Qe1
Qxe1+ 22. Bxe1 g6 23. Rc1 Bb6 24. Bxa6 bxa6 25. Rxc6+ Kb7 26. Rc1 Rc8 27. Rd1
Rc2 28. Rb3 Ka7 29. Kg1 Rhc8 30. Kf1 R8c4 31. Rd2 Rc1 32. Rbd3 Ba5 33. Rd1 Rxd1
34. Rxd1 Bxe1 35. Kxe1 Rc2 36. Rd2 Rc4 37. Ke2 Kb6 38. b3 Rb4 39. Kd3 a5 40.
Rc2 Kb5 41. Rc7 Kb6 42. Rc8 Ka7 43. Rd8 Rb7 44. Kxd4 Rc7 45. Kd3 Kb6 46. Rd6+
Kc5 47. a3 Kb5 48. Rd8 Kc5 49. g3 Kb5 50. Kd4 Kb6 51. Rd6+ Kb7 52. h3 Ka7 53.
g4 hxg4 54. hxg4 Kb7 55. Ke4 Rc3 56. Rd7+ Kc6 57. Rxf7 Rxb3 58. Re7 Rxa3 59.
Rxe6+ Kd7 60. Rxg6 Ra1 61. Ra6 a4 62. g5 a3 63. g6 Ke7 64. Ra7+ Kf8 65. Kf5 Ra2
66. Kf6 1-0

[Event "Florianopolis 4th"]
[Site "Florianopolis"]
[Date "2017.01.27"]
[Round "1"]
[White "Shumyatsky, Victor"]
[Black "Rodriguez Vila, Andres"]
[Result "1-0"]
[WhiteElo "2452"]
[BlackElo "2468"]
[PlyCount "99"]
[EventDate "2017.01.27"]
[EventType "tourn"]
[EventRounds "9"]
[EventCountry "BRA"]
[EventCategory "7"]
[SourceTitle "CBM 176 Extra"]
[Source "ChessBase"]
[SourceDate "2017.03.02"]
[SourceVersion "1"]
[SourceVersionDate "2017.03.02"]
[SourceQuality "1"]

1. Nf3 d6 2. e4 c5 3. d4 cxd4 4. Nxd4 Nf6 5. Nc3 g6 6. Be3 Bg7 7. Be2 O-O 8.
Qd2 a6 9. O-O-O b5 10. Bf3 Bg4 11. e5 dxe5 12. Bxa8 Bxd1 13. Ne6 Qxd2+ 14. Kxd2
fxe6 15. Rxd1 b4 16. Ne4 Nbd7 17. Bc6 Nxe4+ 18. Bxe4 Nf6 19. f3 Nd5 20. Ke2 Rc8
21. Bd2 a5 22. g3 Rc5 23. Rc1 Rc4 24. c3 bxc3 25. bxc3 Ra4 26. c4 Rxa2 27. cxd5
Bh6 28. Rd1 a4 29. Kd3 Bxd2 30. Rxd2 Ra1 31. dxe6 Kg7 32. Kc3 Kf6 33. Kb2 Re1
34. Ka3 Kxe6 35. Kxa4 Kf6 36. Kb3 h5 37. Kc3 Re3+ 38. Kc2 g5 39. Rf2 Ra3 40.
Kd2 Kg7 41. Bd3 Kf6 42. Ke3 Ra1 43. Rb2 Rh1 44. Bc4 e6 45. Rb6 Rxh2 46. Rxe6+
Kf5 47. Rh6 e4 48. fxe4+ Kg4 49. Be2+ Kxg3 50. Rxh5 1-0

[Event "Florianopolis 4th"]
[Site "Florianopolis"]
[Date "2017.01.27"]
[Round "2"]
[White "Rodriguez Vila, Andres"]
[Black "Umetsubo, Cesar Hidemitsu"]
[Result "1-0"]
[WhiteElo "2468"]
[BlackElo "2407"]
[PlyCount "69"]
[EventDate "2017.01.27"]
[EventType "tourn"]
[EventRounds "9"]
[EventCountry "BRA"]
[EventCategory "7"]
[SourceTitle "CBM 176 Extra"]
[Source "ChessBase"]
[SourceDate "2017.03.02"]
[SourceVersion "1"]
[SourceVersionDate "2017.03.02"]
[SourceQuality "1"]

1. e4 c5 2. Nf3 e6 3. d4 cxd4 4. Nxd4 a6 5. Bd3 Bc5 6. Nb3 Be7 7. Qg4 g6 8. Qe2
d6 9. O-O Nd7 10. Na3 Qc7 11. Bd2 Ngf6 12. Bh6 Bf8 13. Bxf8 Kxf8 14. Nc4 Kg7
15. f4 d5 16. exd5 Nxd5 17. Kh1 b5 18. Nca5 N7b6 19. Rac1 Rd8 20. Qf2 Bd7 21.
c4 bxc4 22. Nxc4 Be8 23. Ne5 Qa7 24. Nd4 Ne7 25. f5 exf5 26. Bxf5 Nxf5 27.
Nxf5+ gxf5 28. Qg3+ Kh8 29. Rxf5 Rd6 30. Nxf7+ Bxf7 31. Qxd6 Re8 32. Qf6+ Kg8
33. Rg5+ Kf8 34. Rf1 Qe7 35. Qg7# 1-0

[Event "Florianopolis 4th"]
[Site "Florianopolis"]
[Date "2017.02.01"]
[Round "9"]
[White "Rodriguez Vila, Andres"]
[Black "Molina, Roberto Junio Brito"]
[Result "1-0"]
[WhiteElo "2468"]
[BlackElo "2440"]
[PlyCount "101"]
[EventDate "2017.01.27"]
[EventType "tourn"]
[EventRounds "9"]
[EventCountry "BRA"]
[EventCategory "7"]
[SourceTitle "CBM 176 Extra"]
[Source "ChessBase"]
[SourceDate "2017.03.02"]
[SourceVersion "1"]
[SourceVersionDate "2017.03.02"]
[SourceQuality "1"]

1. e4 c6 2. d4 d5 3. exd5 cxd5 4. Bd3 Nc6 5. c3 Qc7 6. Ne2 Bg4 7. O-O e6 8. h3
Bh5 9. f4 f5 10. Qe1 O-O-O 11. b4 Nf6 12. a4 Ne4 13. a5 Bd6 14. Na3 Qe7 15. Nc2
h6 16. b5 Nb8 17. c4 Bxe2 18. Qxe2 Ng3 19. Qf2 dxc4 20. Qxg3 cxd3 21. Qxd3 Nd7
22. Re1 Kb8 23. Ba3 Nf6 24. Qf3 Rhe8 25. a6 Nd5 26. Bxd6+ Qxd6 27. axb7 Re7 28.
Ra6 Qxf4 29. Qxf4+ Nxf4 30. Nb4 Kxb7 31. Nc6 Red7 32. Nxd8+ Rxd8 33. Ra4 Rd5
34. Re5 Rd6 35. Rc4 Kb6 36. Kh2 Nd5 37. h4 Kxb5 38. Rc7 a5 39. Rxg7 Ra6 40. Rg6
Ra8 41. Rxh6 a4 42. Rhxe6 Kc4 43. Rxf5 a3 44. Rc6+ Kxd4 45. Rd6 Ra5 46. Rfxd5+
Rxd5 47. Ra6 Ke4 48. Rxa3 Kf4 49. Kh3 Rd1 50. Rf3+ Ke5 51. Rf8 1-0

[Event "Buenos Aires La Porta Cup"]
[Site "Buenos Aires"]
[Date "2017.03.25"]
[Round "1"]
[White "Mizzau, Pablo"]
[Black "Rodriguez Vila, Andres"]
[Result "0-1"]
[WhiteElo "1910"]
[BlackElo "2478"]
[PlyCount "134"]
[EventDate "2017.03.25"]
[EventType "swiss"]
[EventRounds "9"]
[EventCountry "ARG"]
[SourceTitle "CBM 177 Extra"]
[Source "ChessBase"]
[SourceDate "2017.04.27"]
[SourceVersion "1"]
[SourceVersionDate "2017.04.27"]
[SourceQuality "1"]

1. e4 c5 2. Nf3 Nc6 3. d4 cxd4 4. Nxd4 g6 5. Nc3 Bg7 6. Be3 Nf6 7. Bc4 O-O 8.
Bb3 Re8 9. f3 e6 10. O-O d5 11. exd5 exd5 12. Nxc6 bxc6 13. Bd4 Ba6 14. Re1
Rxe1+ 15. Qxe1 Qd6 16. Qf2 Nh5 17. Re1 Bf8 18. Na4 Ng7 19. Nc5 Bc8 20. c3 a5
21. Ba4 Qc7 22. Qh4 Nf5 23. Qf6 Nxd4 24. cxd4 Bxc5 25. dxc5 Be6 26. h4 Qd8 27.
Qd4 Rb8 28. a3 Bd7 29. Kf2 Qf8 30. Re2 h5 31. Kg3 Qg7 32. Qxg7+ Kxg7 33. Kf4
Kf6 34. g4 hxg4 35. fxg4 Rh8 36. g5+ Kg7 37. Kg3 Rb8 38. Kf4 Kf8 39. Ke3 Bg4
40. Rg2 Re8+ 41. Kd2 Re4 42. Bxc6 Be6 43. Bb7 Rxh4 44. Rg1 Ke7 45. Ba6 Kd7 46.
Bb5+ Kc7 47. Kc3 Rh3+ 48. Kc2 Bf5+ 49. Kd2 Rh2+ 50. Kc3 Rc2+ 51. Kd4 Rxb2 52.
Be8 Rd2+ 53. Ke3 Rd3+ 54. Kf4 Rd4+ 55. Kf3 Be6 56. Rb1 Rc4 57. Bb5 Bg4+ 58. Kg3
Bf5 59. Rh1 Rg4+ 60. Kf3 Rxg5 61. Rh8 Be6 62. Ra8 d4 63. Ra7+ Kb8 64. Rxa5 Rxc5
65. a4 Bd5+ 66. Ke2 Bb7 67. Kd3 Rd5 0-1

[Event "Buenos Aires La Porta Cup"]
[Site "Buenos Aires"]
[Date "2017.03.25"]
[Round "2"]
[White "Rodriguez Vila, Andres"]
[Black "Aguinaga, Maximiliano"]
[Result "1/2-1/2"]
[WhiteElo "2478"]
[BlackElo "2093"]
[PlyCount "60"]
[EventDate "2017.03.25"]
[EventType "swiss"]
[EventRounds "9"]
[EventCountry "ARG"]
[SourceTitle "CBM 177 Extra"]
[Source "ChessBase"]
[SourceDate "2017.04.27"]
[SourceVersion "1"]
[SourceVersionDate "2017.04.27"]
[SourceQuality "1"]

1. e4 e5 2. Nf3 Nc6 3. Bc4 d6 4. O-O g6 5. d4 exd4 6. Nxd4 Bg7 7. Nxc6 bxc6 8.
Qf3 Qf6 9. Qb3 Ne7 10. Nd2 O-O 11. Nf3 h6 12. Re1 Be6 13. e5 dxe5 14. Nxe5 Rab8
15. Qa4 Bxc4 16. Qxc4 Qd6 17. Nd3 Qd5 18. Qxd5 Nxd5 19. Re4 Rfe8 20. Rxe8+ Rxe8
21. Bd2 c5 22. c3 c4 23. Nc5 Bf8 24. Nd7 Bd6 25. b3 cxb3 26. axb3 Rd8 27. c4
Rxd7 28. cxd5 Bc5 29. Bxh6 Rxd5 30. Bf4 Bb6 1/2-1/2

[Event "Buenos Aires La Porta Cup"]
[Site "Buenos Aires"]
[Date "2017.03.27"]
[Round "5"]
[White "Garcia Lemos, Federico"]
[Black "Rodriguez Vila, Andres"]
[Result "0-1"]
[WhiteElo "2208"]
[BlackElo "2478"]
[PlyCount "52"]
[EventDate "2017.03.25"]
[EventType "swiss"]
[EventRounds "9"]
[EventCountry "ARG"]
[SourceTitle "CBM 177 Extra"]
[Source "ChessBase"]
[SourceDate "2017.04.27"]
[SourceVersion "1"]
[SourceVersionDate "2017.04.27"]
[SourceQuality "1"]

1. d4 Nf6 2. c4 g6 3. g3 Bg7 4. Bg2 d6 5. Nc3 O-O 6. Nf3 Nbd7 7. O-O e5 8. h3
Re8 9. e4 a5 10. Re1 exd4 11. Nxd4 Nc5 12. Rb1 c6 13. Bf4 Nh5 14. Be3 Bd7 15.
Qc2 Qc7 16. Rbd1 Rad8 17. g4 Nf6 18. f4 Bc8 19. g5 Nh5 20. Qf2 f6 21. h4 Rf8
22. Nde2 Bg4 23. Rxd6 Nd3 24. Rxd3 Rxd3 25. Bb6 Qb8 26. Nc1 Nxf4 0-1

[Event "Mar del Plata op 48th"]
[Site "Mar del Plata"]
[Date "2017.04.08"]
[Round "1"]
[White "Rodriguez Vila, Andres"]
[Black "Nogues, Alejandro"]
[Result "1-0"]
[WhiteElo "2478"]
[BlackElo "1897"]
[PlyCount "58"]
[EventDate "2017.04.08"]
[EventType "swiss"]
[EventRounds "9"]
[EventCountry "ARG"]
[SourceTitle "CBM 178 Extra"]
[Source "ChessBase"]
[SourceDate "2017.06.22"]
[SourceVersion "1"]
[SourceVersionDate "2017.06.22"]
[SourceQuality "1"]

1. e4 Nc6 2. Nf3 e5 3. Bc4 Be7 4. d4 d6 5. d5 Nb8 6. O-O Nf6 7. Bd3 O-O 8. c4
Bg4 9. h3 Bh5 10. Be3 Nbd7 11. Nbd2 a5 12. a3 c5 13. g4 Bg6 14. Nh4 Ne8 15. Nf5
Bg5 16. Qf3 Bf4 17. Bxf4 exf4 18. Qxf4 Ne5 19. Be2 Bxf5 20. exf5 h6 21. Qe3 Nf6
22. f4 Ned7 23. Bf3 Re8 24. Qf2 Nh7 25. h4 Qe7 26. g5 hxg5 27. hxg5 Ndf8 28.
Ne4 Qc7 29. Qg3 Rad8 1-0

[Event "Mar del Plata op 48th"]
[Site "Mar del Plata"]
[Date "2017.04.09"]
[Round "2"]
[White "Varacalli, Francisco"]
[Black "Rodriguez Vila, Andres"]
[Result "1/2-1/2"]
[WhiteElo "2088"]
[BlackElo "2478"]
[PlyCount "118"]
[EventDate "2017.04.08"]
[EventType "swiss"]
[EventRounds "9"]
[EventCountry "ARG"]
[SourceTitle "CBM 178 Extra"]
[Source "ChessBase"]
[SourceDate "2017.06.22"]
[SourceVersion "1"]
[SourceVersionDate "2017.06.22"]
[SourceQuality "1"]

1. e4 e6 2. d4 b6 3. Bd3 c5 4. Nf3 Nf6 5. Qe2 Bb7 6. dxc5 Bxc5 7. O-O Be7 8. c4
d6 9. Nc3 Nbd7 10. Nd4 O-O 11. b3 Re8 12. Bb2 Bf8 13. Rad1 Qb8 14. Rfe1 Ne5 15.
Bb1 d5 16. f4 Ng6 17. e5 Nxf4 18. Qf1 N6h5 19. g3 Ng6 20. Qe2 Nxg3 21. hxg3
dxc4 22. Be4 cxb3 23. axb3 Bc5 24. Bxb7 Qxb7 25. Qe4 Qe7 26. Kg2 Rac8 27. b4
Bxd4 28. Rxd4 Red8 29. Rxd8+ Rxd8 30. Rd1 a5 31. bxa5 bxa5 32. Rxd8+ Qxd8 33.
Ne2 h5 34. Kf2 h4 35. gxh4 Nxh4 36. Qd4 Qg5 37. Qe4 Nf5 38. Qa8+ Kh7 39. Qh1+
Nh6 40. Qe4+ g6 41. Bc1 Qxe5 42. Qh4 Qc5+ 43. Kf1 Qf5+ 44. Ke1 Qh5 45. Qxh5
gxh5 46. Bd2 a4 47. Nc3 a3 48. Bc1 Ng4 49. Bxa3 f5 50. Ne2 e5 51. Bc1 h4 52.
Kf1 h3 53. Kg1 Kg6 54. Kh1 Kh5 55. Ng3+ Kg6 56. Ne2 Nf2+ 57. Kh2 Kh5 58. Kg3
Nd3 59. Kxh3 Nxc1 1/2-1/2

[Event "Mar del Plata op 48th"]
[Site "Mar del Plata"]
[Date "2017.04.10"]
[Round "4"]
[White "Ramirez, Emilio"]
[Black "Rodriguez Vila, Andres"]
[Result "0-1"]
[WhiteElo "2241"]
[BlackElo "2478"]
[PlyCount "21"]
[EventDate "2017.04.08"]
[EventType "swiss"]
[EventRounds "9"]
[EventCountry "ARG"]
[SourceTitle "CBM 178 Extra"]
[Source "ChessBase"]
[SourceDate "2017.06.22"]
[SourceVersion "1"]
[SourceVersionDate "2017.06.22"]
[SourceQuality "1"]

1. e4 e6 2. d4 d5 3. Nd2 Nf6 4. e5 Nfd7 5. Ndf3 c5 6. c3 Nc6 7. Bd3 Qa5 8. Bd2
Qb6 9. Qb3 cxd4 10. Qxb6 Nxb6 11. Bb5 0-1

[Event "Mar del Plata op 48th"]
[Site "Mar del Plata"]
[Date "2017.04.11"]
[Round "5"]
[White "Rodriguez Vila, Andres"]
[Black "Sanhueza, Cristian"]
[Result "1-0"]
[WhiteElo "2478"]
[BlackElo "2257"]
[PlyCount "91"]
[EventDate "2017.04.08"]
[EventType "swiss"]
[EventRounds "9"]
[EventCountry "ARG"]
[SourceTitle "CBM 178 Extra"]
[Source "ChessBase"]
[SourceDate "2017.06.22"]
[SourceVersion "1"]
[SourceVersionDate "2017.06.22"]
[SourceQuality "1"]

1. e4 e5 2. Nf3 Nc6 3. Bc4 Nf6 4. d3 Bc5 5. O-O d6 6. c3 a6 7. d4 exd4 8. cxd4
Ba7 9. Nc3 Bg4 10. Be3 O-O 11. Bb3 Re8 12. Qd3 Bh5 13. d5 Nb4 14. Qd2 Bxe3 15.
Qxe3 a5 16. Nd4 a4 17. Bc4 a3 18. b3 c5 19. dxc6 bxc6 20. Qd2 Nxe4 21. Nxe4
Rxe4 22. Nf5 Nd5 23. Ng3 Rh4 24. Bxd5 cxd5 25. Rfe1 Bg6 26. Qxd5 h6 27. Rad1
Rc8 28. Re2 Qg5 29. Qxd6 Rc1 30. Ree1 Rxd1 31. Rxd1 Bc2 32. Re1 Qa5 33. Rc1 Bg6
34. f4 Kh7 35. h3 Qa7+ 36. Kh2 Qf2 37. Rf1 Qxa2 38. Qd8 f6 39. Rc1 Rxf4 40. Rc8
Bf7 41. Nh5 Bxh5 42. Qg8+ Kg6 43. Rc7 Kf5 44. Rxg7 Qe2 45. Qh7+ Ke5 46. Re7+
1-0

[Event "Mar del Plata op 48th"]
[Site "Mar del Plata"]
[Date "2017.04.11"]
[Round "6"]
[White "Acosta, Pablo Ismael"]
[Black "Rodriguez Vila, Andres"]
[Result "0-1"]
[WhiteElo "2428"]
[BlackElo "2478"]
[PlyCount "88"]
[EventDate "2017.04.08"]
[EventType "swiss"]
[EventRounds "9"]
[EventCountry "ARG"]
[SourceTitle "CBM 178 Extra"]
[Source "ChessBase"]
[SourceDate "2017.06.22"]
[SourceVersion "1"]
[SourceVersionDate "2017.06.22"]
[SourceQuality "1"]

1. d4 f5 2. c4 Nf6 3. g3 g6 4. Bg2 Bg7 5. Nc3 O-O 6. Nh3 Nc6 7. Nf4 e5 8. dxe5
Nxe5 9. Qb3 c6 10. h4 Qe7 11. c5+ Rf7 12. Na4 Ne4 13. Bxe4 fxe4 14. Be3 Ng4 15.
Rd1 Nxe3 16. Qxe3 b6 17. b4 bxc5 18. bxc5 Rb8 19. Nc3 Bxc3+ 20. Qxc3 Rb5 21.
Rc1 Rf5 22. Qc4+ Kh8 23. Qd4+ Qe5 24. e3 Qxd4 25. exd4 Rb4 26. Rd1 Ba6 27. Kd2
Bc4 28. Rb1 Ra4 29. Rb8+ Kg7 30. Rhb1 h6 31. R8b4 Rxa2+ 32. R1b2 Rxb2+ 33. Rxb2
g5 34. hxg5 hxg5 35. Kc3 Bf1 36. Nh5+ Kg6 37. g4 Rf3+ 38. Kb4 Rd3 39. Ng3 Rxd4+
40. Kc3 Rd3+ 41. Kb4 Bg2 42. Re2 e3 43. Nf5 Bh3 44. Nxe3 Rd4+ 0-1

[Event "Mar del Plata op 48th"]
[Site "Mar del Plata"]
[Date "2017.04.12"]
[Round "7"]
[White "Rodriguez Vila, Andres"]
[Black "Flores, Diego"]
[Result "1/2-1/2"]
[WhiteElo "2478"]
[BlackElo "2568"]
[PlyCount "39"]
[EventDate "2017.04.08"]
[EventType "swiss"]
[EventRounds "9"]
[EventCountry "ARG"]
[SourceTitle "CBM 178 Extra"]
[Source "ChessBase"]
[SourceDate "2017.06.22"]
[SourceVersion "1"]
[SourceVersionDate "2017.06.22"]
[SourceQuality "1"]

1. d4 d5 2. c4 e6 3. Nc3 Nf6 4. cxd5 exd5 5. Bg5 c6 6. Qc2 Be7 7. e3 Nbd7 8.
Bd3 Nh5 9. Bxe7 Qxe7 10. Nge2 Nb6 11. h3 g6 12. O-O-O Be6 13. Kb1 Ng7 14. Nf4
O-O-O 15. Rhe1 Kb8 16. Na4 Nxa4 17. Qxa4 Bf5 18. Ka1 Rhe8 19. Bxf5 Nxf5 20. Nd3
1/2-1/2

[Event "Mar del Plata op 48th"]
[Site "Mar del Plata"]
[Date "2017.04.13"]
[Round "8"]
[White "Rodriguez Vila, Andres"]
[Black "Bachmann, Axel"]
[Result "0-1"]
[WhiteElo "2478"]
[BlackElo "2646"]
[PlyCount "57"]
[EventDate "2017.04.08"]
[EventType "swiss"]
[EventRounds "9"]
[EventCountry "ARG"]
[SourceTitle "CBM 178 Extra"]
[Source "ChessBase"]
[SourceDate "2017.06.22"]
[SourceVersion "1"]
[SourceVersionDate "2017.06.22"]
[SourceQuality "1"]

1. e4 e5 2. Nf3 Nc6 3. Bc4 Bc5 4. O-O Nf6 5. d3 a6 6. Re1 d6 7. c3 Ba7 8. Bb3
Ne7 9. d4 Ng6 10. h3 O-O 11. dxe5 Nxe5 12. Bg5 h6 13. Nxe5 hxg5 14. Ng6 Re8 15.
e5 Bf5 16. exf6 Qxf6 17. Ne7+ Rxe7 18. Rxe7 Qxe7 19. Nd2 Re8 20. Qf3 Qf6 21.
Qxb7 Bxf2+ 22. Kh1 g4 23. Rf1 Re2 24. Qa8+ Kh7 25. Qd5 gxh3 26. gxh3 Rxd2 27.
Qf3 Bd3 28. Rxf2 Qxf3+ 29. Rxf3 0-1